| 000 | 01129nam a2200301Ia 4500 | ||
|---|---|---|---|
| 003 | OSt | ||
| 005 | 20221007125144.0 | ||
| 006 | a|||||r|||| 00| 0 | ||
| 007 | ta | ||
| 008 | 221006b |||||||| |||| 00| 0 eng d | ||
| 020 |
_a0387983376 (pbk) _cDM 78.00 |
||
| 024 | _a5260 | ||
| 037 |
_bEducational, _cTextual |
||
| 040 |
_aCDL _cCDL _beng |
||
| 041 |
_2eng _aeng |
||
| 082 | _aE:2:(9S94M), N8 | ||
| 100 |
_aCropper William H _9721632 |
||
| 245 | 0 | _aMathematicaR: computer programs for physical chemistry by William H Cropper | |
| 260 |
_aNew _bYork Springer-Verlag _c1998 |
||
| 300 |
_axi,246p+11 illus _ccm. |
||
| 490 | _vIncludes a CD-ROM | ||
| 500 | _aBibliographical references 237-239p; Index 241-246p; ^n23/CSL/Carc/98-99/6406^d1998-07-22^mPurchase; ; 98-99/128^b1998-08-12^cEBA/074/98-99^d1998-08-04^eEducational Book Agency (India); ; 1998-08-20^c1998-08-20^r1998-11-27 | ||
| 650 |
_a Computer programs _9721633 |
||
| 650 |
_a Physical chemistry _9192709 |
||
| 650 | _aChemistry | ||
| 942 |
_hE:2:(9S94M), N8 _cTEXL _2CC |
||
| 999 |
_c1214776 _d1214776 |
||